LDR 00851naa#a2200169#i#450# 001 RU\\bibl\103408 005 20260514174334.4 011 ## _a2074-8183 100 ## _a20260331b2026####ek#y0rusy0150####ca 102 ## _aRU 200 1# _aМОНИТОРИНГ ПСИХОЛОГИЧЕСКОГО СОСТОЯНИЯ РАСХИТИТЕЛЯ БЮДЖЕТНЫХ СРЕДСТВ В СФЕРЕ ГОСУДАРСТВЕННЫХ ЗАКУПОК _eЖурнальная статья 210 1# _aВолгоград _cВолгоградская академия МВД России _d2026 215 ## _a5 с. 608 ## _aЖурнальная статья _2local 675 ## _aПсихология совершения преступления. Психология преступника. 343.953 _z 700 #1 _aБайсеитов _gБаграм Салькенович 856 4# _ava-mvd.editorum.ru _u